[Event "GER-chT U10"]
[Site "Magdeburg"]
[Date "2015.12.29"]
[Round "6.4"]
[White "Rajchel, Arian"]
[Black "Boelke, Roman"]
[Result "0-1"]
[WhiteElo "1025"]
[BlackElo "1051"]
[PlyCount "64"]
[EventDate "2015.12.27"]
[EventType "team-swiss"]
[EventRounds "7"]
[EventCountry "GER"]
[SourceTitle "EXT 2017"]
[Source "ChessBase"]
[SourceDate "2016.10.25"]
[SourceVersion "1"]
[SourceVersionDate "2016.10.25"]
[SourceQuality "1"]
[WhiteTeam "Erfurt Empor"]
[BlackTeam "Hamburger SK"]
[WhiteTeamCountry "GER"]
[BlackTeamCountry "GER"]

1. d4 Nf6 2. Nf3 g6 3. e3 Bg7 4. Bd3 0-0 5. 0-0 d6 6. h3 Nbd7 7. Nbd2 e5 8. c3 Qe7 9. e4 exd4 10. cxd4 Nb6 11. Re1 Bd7 12. Nb3 Rfe8 13. Bg5 h6 14. e5 hxg5 15. exf6 Qxf6 16. Qd2 g4 17. hxg4 Bxg4 18. Nh2 Be6 19. Be4 Bxb3 20. Ng4 Qxd4 21. Qxd4 Bxd4 22. axb3 Bxb2 23. Rab1 Bc3 24. Re3 Bd4 25. Re2 d5 26. Rd1 Bg7 27. Bf3 Rxe2 28. Bxe2 Re8 29. Bf3 c6 30. Ne3 d4 31. Nc2 Rd8 32. Nb4 a5 0-1

[Event "GER-chT U10"]
[Site "Magdeburg"]
[Date "2014.12.28"]
[Round "3.3"]
[White "Klonov, Jakov"]
[Black "Boelke, Roman"]
[Result "1-0"]
[WhiteElo "978"]
[BlackElo "1019"]
[PlyCount "133"]
[EventDate "2014.12.27"]
[EventType "team-swiss"]
[EventRounds "7"]
[EventCountry "GER"]
[SourceTitle "EXT 2016"]
[Source "ChessBase"]
[SourceDate "2015.10.08"]
[SourceVersion "1"]
[SourceVersionDate "2015.10.08"]
[SourceQuality "1"]
[WhiteTeam "Muenchen Suedost"]
[BlackTeam "Hamburger SK"]
[WhiteTeamCountry "GER"]
[BlackTeamCountry "GER"]

1. e4 c5 2. c3 d6 3. d4 cxd4 4. cxd4 Nf6 5. Nc3 e6 6. Nf3 Be7 7. Bd3 a6 8. Be3 Nbd7 9. 0-0 0-0 10. Re1 b5 11. a4 b4 12. Ne2 Nb6 13. Rc1 Bb7 14. Qd2 a5 15. b3 Qd7 16. Bb5 Bc6 17. Bxc6 Nxe4 18. Bxd7 Nxd2 19. Nxd2 Nxd7 20. Nf4 e5 21. dxe5 dxe5 22. Nd5 Bd6 23. Ne4 Ra6 24. Nxd6 Rxd6 25. Rcd1 Kh8 26. Nb6 Rxb6 27. Rxd7 Ra6 28. Red1 Raa8 29. Bb6 Rac8 30. Rd8 Kg8 31. Rxf8+ Kxf8 32. Rd8+ Rxd8 33. Bxd8 Ke8 34. Bxa5 Kd7 35. Bxb4 Kc6 36. Kf1 Kd5 37. Ke2 f5 38. a5 Kc6 39. Ke3 Kb5 40. Be1 g6 41. a6 Kxa6 42. Kd3 Kb5 43. Bc3 e4+ 44. Ke3 h5 45. Kf4 Kc5 46. Kg5 f4 47. Kxf4 Kd5 48. b4 Kc4 49. b5 Kxb5 50. Kxe4 Kc4 51. Bf6 Kc5 52. Kf4 Kd5 53. Kg5 Ke6 54. Kxg6 h4 55. Bxh4 Kd7 56. f4 Ke8 57. Kf6 Kf8 58. f5 Kg8 59. Ke7 Kh8 60. f6 Kg8 61. f7+ Kh7 62. f8Q Kg6 63. Qf6+ Kh7 64. Ke6 Kg8 65. Qe7 Kh8 66. Bf6+ Kg8 67. Qg7# 1-0